000
00290nam a22001337a 4500
008
170814b xxu||||| |||| 00| 0 eng d
020
_a
9781429245135
041
_a
eng
080
_a
51
100
_a
36
101
_a
MAT
245
_a
DISCOVERY STATISTICS
_c
VERSION.B
942
_2
udc
_c
BK
999
_c
23413
_d
23413